Voice & Data Communications Handbook / (Record no. 190628)
[ view plain ]
| 000 -LEADER | |
|---|---|
| fixed length control field | 01777 a2200193 4500 |
| 003 - CONTROL NUMBER IDENTIFIER | |
| control field | Nust |
| 005 - DATE AND TIME OF LATEST TRANSACTION | |
| control field | 20221207100325.0 |
| 020 ## - INTERNATIONAL STANDARD BOOK NUMBER | |
| International Standard Book Number | 0070472815 |
| 040 ## - CATALOGING SOURCE | |
| Transcribing agency | Nust |
| 082 ## - DEWEY DECIMAL CLASSIFICATION NUMBER | |
| Classification number | 621.382,BAT |
| 100 ## - MAIN ENTRY--PERSONAL NAME | |
| Personal name | Regis J.Bates , Donald W.Gregory |
| 9 (RLIN) | 104306 |
| 245 ## - TITLE STATEMENT | |
| Title | Voice & Data Communications Handbook / |
| Statement of responsibility, etc. | Regis J.Bates , Donald W.Gregory |
| 250 ## - EDITION STATEMENT | |
| Edition statement | 4th ed |
| 260 ## - PUBLICATION, DISTRIBUTION, ETC. | |
| Place of publication, distribution, etc. | New Delhi |
| Name of publisher, distributor, etc. | McGraw-Hill |
| Date of publication, distribution, etc. | 2003 |
| 300 ## - PHYSICAL DESCRIPTION | |
| Extent | xxviii , 1074p |
| 505 ## - FORMATTED CONTENTS NOTE | |
| Formatted contents note | The History of Telecom (Page-1), Voice Characteristics (Page-19), The Telephone Set (Page-53), Analog Versus Digital Comm. (Page-77), Carriers (Page-93), Lines And Trunks (Page-135), Traffic Engineering Calculations (Page-153), Equipment (Page-175), Key Telephone Systems (Page-193), Voice Processing (Page-213), Computer to Telephony Integration (Page-243), Data Comm. (Page-269), TI and T Carrier (Page-313), The Open Systems Interconnect Model (Page-357), The Internet (Page-399), Remote Access and Virtual Private Networks (Page-437), Intranet (Page-461), Packet Switching Technologies (Page-487), Lans (Page-523), Ethernet (Page-567), Token Ring Lans (Page-615), Fiber Distributed Data Interface (Page-669), Frame Relay (Page-719), Integrated Services Digital Network (Page-747), Asynchronous Transfer Mode (Page-775), Digital Subscriber Line (Page-799), Cable Modem Systems and Technology (Page-821), Signaling System 7 (Page-837), Local Number Portability (Page-859), Cellular and Personal Communications Systems (Page-883), Wireless Application Protocol (Page-915), 3G Wireless (Page-937), Light Systems (Page-953), SONET and SDH (Page-975), Finances for Telecom (Page-993), Cabling Systems (Page-1013), Planning the Communications Applications (Page-1037). |
| 650 ## - SUBJECT ADDED ENTRY--TOPICAL TERM | |
| Topical term or geographic name entry element | Telecommunication Engineering |
| 942 ## - ADDED ENTRY ELEMENTS (KOHA) | |
| Source of classification or shelving scheme | |
| Koha item type | Book |
| Withdrawn status | Lost status | Source of classification or shelving scheme | Damaged status | Not for loan | Permanent Location | Current Location | Shelving location | Date acquired | Full call number | Barcode | Date last seen | Price effective from | Koha item type | Public note |
|---|---|---|---|---|---|---|---|---|---|---|---|---|---|---|
| Military College of Signals (MCS) | Military College of Signals (MCS) | General Stacks | 12/12/2016 | 621.382,BAT | MCS30253 | 12/08/2016 | 12/12/2016 | Book | Almirah No.35, Shelf No.1 |
